| 000 | 01006nam a2200265 i 4500 | ||
|---|---|---|---|
| 003 | DO-SdBNP | ||
| 005 | 20260429123224.0 | ||
| 006 | a||||gr|||| 00| 0 | ||
| 007 | ta | ||
| 008 | 240516e2005 dr aod|| |||| 00| 0 spa d | ||
| 040 |
_aDO-SdBNP _bspa _cBNPHU _erda |
||
| 082 | 4 |
_222 _bF819i |
|
| 100 | 1 |
_978993 _aFrancisco, Arcadia _eautora |
|
| 245 | 1 | 0 |
_aInventariado Nacional de construcciones públicas paralizadas desde el 1960 hasta agosto de 2004 / _cInvestigación preparada por Arcadia Francisco; prólogo, Isidro Santana. |
| 264 | 1 |
_a[no identificado] : _bUSAID, _c2005 |
|
| 300 |
_a202 páginas : _bilustraciones, fotografía, gráficas ; _c27 cm. |
||
| 336 |
_2rdacontent _atexto _btx |
||
| 337 |
_2rdamedia _asin mediación _bn |
||
| 338 |
_2rdacarrier _avolumen _bnc |
||
| 590 | _aInventariada 2024 / MF | ||
| 650 | 2 | 0 |
_aParticipación política _9456 |
| 700 | 1 |
_aSantana, Isidro, _978993 _eprólogo |
|
| 710 |
_aEstados Unidos . _b Agency for International Development _983946 |
||
| 942 |
_2ddc _cLBS1 |
||
| 999 |
_c56683 _d56683 |
||